000 00480nam a22001457a 4500
999 _c130378
_d130378
008 200218b ||||| |||| 00| 0 eng d
050 _aHM251.D83 1995
100 _aDurkin, Kevin
_949564
245 _aDevelopmental Social Psychology
_bfrom infancy to old age
_cKevin Durkin
260 _aMassachusetts
_bBlackwell Publishing
_c1995
300 _aliii, 776p. ;
_c25cm.
650 _aSocial psychology
_916638
650 _aDevelopmental psychology
_928061
942 _2lcc
_cMONOGRAPH